书目信息 |
| 题名: |
卫生事业管理学
|
|
| 作者: | 蔡久志 编 | |
| 分册: | ||
| 出版信息: | 哈尔滨 黑龙江人民出版社 2003 |
|
| 页数: | 232页 | |
| 开本: | 26cm | |
| 丛书名: | ||
| 单 册: | ||
| 中图分类: | R19 | |
| 科图分类: | ||
| 主题词: | 医药卫生组织机构 , 医疗保健事业 | |
| 电子资源: | ||
| ISBN: | 7-207-05996-5 | |
| 000 | 00622nam0 2200217 450 | |
| 001 | 0641070605 | |
| 005 | 20060930112550.21 | |
| 010 | @a7-207-05996-5@dCNY23.80 | |
| 100 | @a20060930d2003 km y0chiy0120 ea | |
| 101 | 0 | @achi |
| 102 | @aCN@b230000 | |
| 200 | 1 | @a卫生事业管理学@Awei sheng shi ye guan li xue@f蔡久志等编@Fcai jiu zhi deng bian |
| 210 | @a哈尔滨@c黑龙江人民出版社@d2003 | |
| 215 | @a232页@d26cm | |
| 300 | @a21世纪高等医药院校教材 | |
| 606 | 0 | @a医药卫生组织机构 |
| 606 | 0 | @a医疗保健事业 |
| 690 | @aR19@v3 | |
| 701 | 0 | @a蔡久志@Acai jiu zhi@4编 |
| 801 | 0 | @aCN@bPFT@c20060930 |
| 905 | @a10447@dR19@e100=2 | |
| 卫生事业管理学/蔡久志等编.-哈尔滨:黑龙江人民出版社,2003 |
| 232页;26cm |
| 21世纪高等医药院校教材 |
| ISBN 7-207-05996-5:CNY23.80 |
| ● |
| 相关链接 |
|
|
|
|
正题名:卫生事业管理学
索取号:R19/100=2
 
预约/预借
| 序号 | 登录号 | 条形码 | 馆藏地/架位号 | 状态 | 备注 |
| 1 | 0501565 | 205015650 | 密集书库/ [索取号:R19/100=2] | 在馆 |